[Event "Polgar Challenge 2021"]
[Site "Online"]
[Date "2021.04.04"]
[Round "19.4"]
[White "Mendonca, Leon Luke"]
[Black "Liang, Awonder"]
[Result "1/2-1/2"]
[WhiteElo "2549"]
[BlackElo "2592"]
[Annotator "TA"]
[PlyCount "159"]
[EventDate "2021.04.08"]
[EventType "tourn"]
[EventCountry "NET"]
[SourceTitle "playchess.com"]
[Source "ChessBase"]
[SourceQuality "1"]

{[%evp 9,159,-22,15,6,13,16,50,40,39,24,36,46,41,0,9,11,18,21,13,19,20,10,13,31,44,22,15,20,15,32,25,0,-7,-73,-60,-74,-61,-71,-65,-68,-70,-55,-66,-69,-22,-28,377,-62,-56,-68,-50,-70,-21,-55,0,0,0,-69,-70,-160,-160,-150,-150,-146,-141,-256,-243,-276,-270,-235,-267,-267,-269,-270,-294,-294,-234,-255,-102,-564,-470,-4662,-4105,-2324,-1754,-4901,-4894,-4870,-4840,-4833,-4814,-4814,-4774,-4766,-8,-8,-7,-83,-8,-72,0,-228,-58,-35,-33,-63,-67,-600,-586,-4766,-4759,-1395,-83,-83,-83,-83,-83,-83,-83,-83,-83,-83,-60,-83,-67,-83,-79,-69,-75,-83,0,-83,0,-83,-83,-163,-8,-8,-8,-8,0,0,0,0,0,0,0,0,0,0,0,0]} 1. Nf3 Nf6 2. g3 d5 3. Bg2 Nc6 4. d3 e5 5. a3 Be6 6. b4 {A07: Réti Opening: New York and Capablanca Systems.} Bd6 {[#]} 7. Bb2 $146 ({Predecessor:} 7. O-O Qd7 8. Bb2 O-O-O 9. b5 Ne7 10. Bxe5 h5 11. Bxd6 Qxd6 12. h4 Ng4 13. Nbd2 {1-0 (37) Mirzoev,A (2550)-Rodriguez Dobladez,V (1978) Balaguer 2005}) 7... a6 8. Nbd2 {White is slightly better.} Qd7 9. c4 d4 10. O-O Bh3 11. c5 Bxg2 12. Kxg2 Be7 13. Nc4 Qe6 14. Re1 e4 15. Nxd4 Nxd4 16. Bxd4 O-O-O 17. e3 h5 18. h3 Nh7 19. h4 ({Wrong is} 19. Qxh5 $2 Nf6 $19) 19... Bf6 20. Rc1 g5 21. dxe4 (21. c6 $11 b5 22. Nd2) 21... gxh4 $17 22. Qf3 Bxd4 23. exd4 Rxd4 24. Qf5 Qxf5 25. exf5 hxg3 26. fxg3 Ng5 (26... Rg8 {looks sharper.} 27. Red1 Rdg4 28. Rd3 h4 29. Kh3 hxg3 30. Kg2 Nf6) 27. Red1 Rhd8 {[%mdl 8192] [#]} (27... Re4 $11 {and Black is okay.}) 28. Rxd4 $2 (28. Nd6+ $1 $18 {[%mdl 512]} R4xd6 29. cxd6) 28... Rxd4 $18 {[%mdl 4096] Endgame KRN-KRN} 29. Rc2 f6 30. Na5 Rg4 31. c6 b6 (31... b5 $15) 32. Re2 $1 $11 {[%cal Re2e8]} Ne4 33. Nc4 (33. Kf3 $1 $11 Ng5+ 34. Kg2) 33... Kb8 $15 34. Ne3 (34. Kh2 $1 $15) 34... Rxg3+ $17 35. Kh2 Rf3 36. Kg2 Rf4 37. Nd5 (37. Re1 $17) 37... Rxf5 $19 38. Nxb6 Rg5+ 39. Kh2 cxb6 40. Rxe4 {KR-KR} Re5 41. Rf4 f5 42. Rh4 Kc7 43. Rxh5 Kxc6 (43... Re2+ $1 $19 44. Kg1 Re3) 44. Kg2 $2 {[%mdl 8192]} (44. Rh6+ $17 {nothing else works.} Kc7 45. Rh7+ Kd6 46. a4) 44... Kb5 45. Kf2 (45. Rh6 $142 Re2+ 46. Kf1) 45... Ka4 46. Rh6 Rb5 $1 47. Rh3 a5 48. bxa5 Rxa5 49. Ke2 Rd5 50. Rf3 b5 51. Ke1 Ka5 $2 (51... f4 $19 {Threatening ...Rd7.} 52. Ke2 Rd8) 52. Ke2 $11 Kb6 53. Rc3 (53. Rf4 $11) 53... Rd4 (53... f4 $17 54. Kf3 Rd4) 54. Ke3 (54. Rf3 $11 {keeps the balance.}) 54... Rc4 (54... Rd8 $17) 55. Rb3 $2 (55. Rxc4 $1 $11 {and White stays safe.} bxc4 56. Kd4) 55... Kc5 $2 (55... Ka5 $1 $19 56. Rd3 Ka4) 56. Kf3 Rd4 57. Kf2 Kb6 58. Rf3 $2 {[%mdl 8192]} (58. Ke3 $15 Rg4 59. Rb1) 58... f4 $19 59. Ke2 {[#]} Ka5 $1 60. Rb3 Re4+ $2 (60... Rd5 $19 {has better winning chances.} 61. Rh3 Ka4) 61. Kd2 $17 Ka4 62. Rf3 Rd4+ 63. Kc2 Ka5 64. Kc3 Re4 {White must now prevent ...Re3+.} (64... Rc4+ {feels hotter.} 65. Kd3 Ka4 66. Kd2 Rc6 67. Kd1 Rc5) 65. Kd2 Kb6 66. Rc3 Rc4 {Strongly threatening ...Rxc3.} 67. Rb3 Kc5 68. Ke2 Re4+ 69. Kd2 Kb6 (69... Re5 $17) 70. Rf3 (70. Rc3 $11) 70... Ka5 71. Rb3 $1 Re6 72. Rb4 {[#]} (72. Rd3 $17 {was necessary.}) 72... f3 $2 (72... Rd6+ $1 $19 73. Ke2 f3+ 74. Ke3 Rc6) 73. Rf4 $11 {The position is equal.} Re2+ 74. Kc3 $1 Rf2 (74... f2 {with more complications.} 75. Rf6 f1=R 76. Rxf1 Ka4 77. Rf8 Re3+) 75. Rf6 Rf1 (75... Rh2 {keeps more tension.} 76. Rxf3 Ka4 77. Kd4 Rh5 78. Rg3 Rh2) 76. Kb2 Rf2+ (76... f2 $5) 77. Kb3 Rf1 78. Kb2 Rf2+ (78... f2 $5) 79. Kb3 Rf1 80. Kb2 {And White is the lucky defender.  Weighted Error Value: White=0.85/Black=0.45} 1/2-1/2

[Event "Polgar Challenge 2021"]
[Site "Online"]
[Date "2021.04.04"]
[Round "19.6"]
[White "Khademalsharieh, Sarasadat"]
[Black "Salimova, Nurgyul"]
[Result "1-0"]
[WhiteElo "2494"]
[BlackElo "2397"]
[Annotator "ChessBase"]
[PlyCount "95"]
[EventDate "2021.04.08"]
[EventType "tourn"]
[EventCountry "NET"]
[SourceTitle "playchess.com"]
[Source "ChessBase"]
[SourceQuality "1"]
[TimeControl "600+5"]

1. d4 {[%emt 0:00:00]} Nf6 {[%emt 0:00:00]} 2. c4 {[%emt 0:00:00]} e6 {[%emt 0:00:00]} 3. Nf3 {[%emt 0:00:00]} d5 {[%emt 0:00:02]} 4. Nc3 {[%emt 0:00:02]} dxc4 {[%emt 0:00:02]} 5. e3 {[%emt 0:00:10]} a6 {[%emt 0:00:15]} 6. a4 {[%emt 0:00:15]} c5 {[%emt 0:00:06]} 7. Bxc4 {[%emt 0:00:02]} Nc6 {[%emt 0:00:10]} 8. O-O {[%emt 0:00:03]} cxd4 {[%emt 0:00:03]} 9. exd4 {[%emt 0:00:02]} Be7 {[%emt 0:00:03]} 10. Bg5 {[%emt 0:00:16]} O-O {[%emt 0:00:05]} 11. Re1 {[%emt 0:00:02]} Nb4 {[%emt 0:00:24]} 12. Qe2 {[%emt 0:00:08]} Bd7 {[%emt 0:00:20]} 13. Ne5 {[%emt 0:00:07]} Rc8 {[%emt 0:00:35]} 14. Rad1 {[%emt 0:00:23]} Be8 {[%emt 0:02:51]} 15. Bb3 {[%emt 0:03:34]} Qc7 {[%emt 0:00:52]} 16. Qf3 {[%emt 0:00:38]} Nc6 {[%emt 0:01:33]} 17. Qh3 {[%emt 0:01:52]} Qb6 {[%emt 0:01:48]} 18. Bxe6 {[%emt 0:01:30]} fxe6 {[%emt 0:00:49]} 19. Qxe6+ {[%emt 0:00:03]} Kh8 {[%emt 0:00:11]} 20. Qxc8 {[%emt 0:00:22]} Qxb2 {[%emt 0:00:27]} 21. Bxf6 {[%emt 0:00:34]} gxf6 {[%emt 0:00:25]} 22. Nxc6 {[%emt 0:00:30]} Bxc6 {[%emt 0:00:02]} 23. Qh3 {[%emt 0:00:01]} Bb4 {[%emt 0:00:06]} 24. Re3 {[%emt 0:00:15]} Qc2 {[%emt 0:00:24]} 25. Rf1 {[%emt 0:00:09]} Bxc3 {[%emt 0:00:25]} 26. Rxc3 {[%emt 0:00:02]} Qe4 {[%emt 0:00:00]} 27. Rg3 {[%emt 0:00:20]} Rg8 {[%emt 0:00:08]} 28. Rxg8+ {[%emt 0:00:22]} Kxg8 {[%emt 0:00:00]} 29. Qg3+ {[%emt 0:00:02]} Kf7 {[%emt 0:00:07]} 30. a5 {[%emt 0:00:05]} Qd5 {[%emt 0:00:09]} 31. h4 {[%emt 0:00:07]} Qxa5 {[%emt 0:00:02]} 32. Qg4 {[%emt 0:00:04]} Qd5 {[%emt 0:00:01]} 33. h5 {[%emt 0:00:03]} Qe4 {[%emt 0:00:11]} 34. Qxe4 {[%emt 0:00:02]} Bxe4 {[%emt 0:00:00]} 35. f3 {[%emt 0:00:01]} Bc6 {[%emt 0:00:03]} 36. Ra1 {[%emt 0:00:05]} Ke6 {[%emt 0:00:01]} 37. Kf2 {[%emt 0:00:02]} Kf5 {[%emt 0:00:03]} 38. g4+ {[%emt 0:00:04]} Kf4 {[%emt 0:00:08]} 39. Ra5 {[%emt 0:00:03]} Bd7 {[%emt 0:00:02]} 40. Rd5 {[%emt 0:00:06]} Be6 {[%emt 0:00:02]} 41. Rd6 {[%emt 0:00:03]} Bc8 {[%emt 0:00:01]} 42. Rxf6+ {[%emt 0:00:01]} Kg5 {[%emt 0:00:01]} 43. Rf8 {[%emt 0:00:01]} Be6 {[%emt 0:00:01]} 44. Kg3 {[%emt 0:00:04]} Bc4 {[%emt 0:00:10]} 45. f4+ {[%emt 0:00:02]} Kh6 {[%emt 0:00:02]} 46. Rc8 {[%emt 0:00:03]} Be6 {[%emt 0:00:06]} 47. Rc7 {[%emt 0:00:03]} Bd5 {[%emt 0:00:07]} 48. Kh4 {[%emt 0:00:04]} 1-0

[Event "Polgar Challenge 2021"]
[Site "Online"]
[Date "2021.04.04"]
[Round "19.7"]
[White "Abdusattorov, Nodirbek"]
[Black "Praggnanandhaa R"]
[Result "1/2-1/2"]
[WhiteElo "2627"]
[BlackElo "2608"]
[Annotator "TA"]
[PlyCount "161"]
[EventDate "2021.04.08"]
[EventType "tourn"]
[EventCountry "NET"]
[SourceTitle "playchess.com"]
[Source "ChessBase"]
[SourceQuality "1"]

{[%evp 11,161,6,7,-25,-24,-33,-15,-29,-32,-48,-39,-42,0,-23,6,-47,-47,-52,-45,-40,-35,-37,-35,-46,-43,-58,-57,-55,-55,-66,-55,-56,-56,-60,-41,-37,-26,-41,-14,-14,-13,-17,-16,-13,0,0,0,0,18,13,20,28,22,20,26,14,18,24,26,31,163,161,250,130,141,150,132,0,155,66,66,66,114,121,125,18,33,0,0,0,0,0,0,0,47,0,0,0,0,0,0,0,0,0,0,0,0,0,0,0,0,0,0,0,0,0,0,0,0,0,0,0,0,0,0,0,0,0,0,0,0,0,0,0,0,0,0,0,0,0,0,0,0,0,0,0,0,0,0,0,0,0,0,0,0,0,0,0,0,0,0,0]} 1. e4 c5 2. Nc3 Nc6 3. Bb5 Nd4 4. Bc4 e6 5. Nf3 Nf6 6. O-O a6 7. a4 {B30: Sicilian: 2...Nc6 3 Bb5, lines without ...g6.} d5 8. exd5 exd5 9. Re1+ Be7 10. Be2 O-O 11. d3 {[#]} h6 $146 ({Predecessor:} 11... Qd6 12. Bg5 h6 13. Bh4 Nf5 14. Bg3 Nxg3 15. hxg3 Bf5 16. Nd2 Rfe8 17. Bf3 Bf8 {0-1 (46) Jefic,S (2105)-Mazur,S (2360) Kemer 2009}) 12. Bf4 Bd6 13. Bg3 ({White should play} 13. Bxd6 $11 Qxd6 14. Nxd4 cxd4 15. Na2) 13... Bxg3 $15 14. hxg3 Re8 15. Nxd4 cxd4 16. Nb1 Qb6 17. Ra2 Bd7 18. a5 Qb4 19. Qd2 Qc5 20. Na3 Re7 21. Raa1 Rae8 22. Bf3 Bg4 23. Rxe7 Qxe7 24. Kf1 Bxf3 25. gxf3 Nd7 26. Kg2 Nb8 27. c4 dxc3 28. Qxc3 Nc6 29. Nc2 Qd6 30. Nd4 Nxd4 31. Qxd4 $11 {[%mdl 4096] Endgame KQR-KQR} Qc6 32. Rh1 Re2 33. Rh5 Qc1 34. Rxd5 Qxb2 35. Qc5 Re8 (35... Kh7 $14) 36. Rd7 $18 Qb3 {[#]} (36... Qe5 $142 37. Qb4 Rb8) 37. Qc7 (37. d4 $1 $18) 37... Re1 $16 38. Rd8+ ({Don't play} 38. Qxb7 $6 Qxb7 39. Rxb7 Re5 $11) 38... Kh7 {[#]} 39. Qc8 (39. Qd7 $1 $16 {[%cal Rd7f5] White wants to mate with Qf5+.} Qe6 40. Qxb7) 39... Qe6 (39... Qb5 $1 $11) 40. Rh8+ ({White should try} 40. Qxb7 $16 Re5 41. Rd7) 40... Kg6 $14 41. Qxb7 Qe2 {( -> ...Qf1+)} 42. Qe4+ Qxe4 43. dxe4 $16 {KR-KR} (43. fxe4 $16 {aiming for Ra8.} Ra1 44. d4) 43... Ra1 $11 44. Rb8 {Black must now prevent Rb6+.} Rxa5 45. Rb6+ f6 46. f4 Kf7 47. Rb7+ Kg6 48. Ra7 h5 {The position is equal.} 49. Kh3 Kh6 50. f5 Ra4 51. f3 Ra2 52. Ra8 {White threatens Rh8+ and mate.} Kh7 53. Ra7 Kh6 54. Ra8 {Threatening mate with Rh8+.} (54. f4 {keeps more tension.} Ra1 55. Kg2 Ra2+ 56. Kf3 Ra3+ 57. Ke2) 54... Kh7 55. g4 hxg4+ 56. Kxg4 a5 57. f4 Ra4 58. Kf3 {Threatening e5.} Ra3+ 59. Kf2 {e5 is the strong threat.} Ra2+ 60. Ke3 {Threatens to win with e5.} Ra3+ 61. Kd4 {And now e5 would win.} (61. Ke2 {is interesting.} Ra2+ 62. Kf3 Ra3+) 61... Rf3 $1 62. Rxa5 (62. Kd5 {with more complications.} Rxf4 63. Ra7 Kh6 64. Rxa5 Rf1 65. Ra3) 62... Rxf4 63. Ke3 Rh4 64. Ra7 Rh3+ 65. Kf4 Rh4+ 66. Kf3 Rh3+ 67. Kg4 Re3 68. Kf4 Re1 69. Ra8 Re2 70. Kf3 Rb2 71. Ra1 (71. Ke3 {seems wilder.} Rb4 72. Rf8 Kh6 73. Rg8 Kh7 74. Rf8) 71... Rb3+ 72. Kf4 Rb4 73. Rh1+ Kg8 74. Rc1 Kh7 75. Rc7 Ra4 76. Rb7 Rc4 77. Ra7 Rb4 78. Rc7 Ra4 79. Rb7 Rc4 80. Ra7 Rb4 81. Rc7 {Weighted Error Value: White=0.17/Black=0.16} 1/2-1/2

[Event "Polgar Challenge 2021"]
[Site "Online"]
[Date "2021.04.04"]
[Round "19.8"]
[White "Murzin, Volodar"]
[Black "Yip, Carissa"]
[Result "1-0"]
[WhiteElo "2478"]
[BlackElo "2430"]
[Annotator "ChessBase"]
[PlyCount "99"]
[EventDate "2021.04.08"]
[EventType "tourn"]
[EventCountry "NET"]
[SourceTitle "playchess.com"]
[Source "ChessBase"]
[SourceQuality "1"]
[TimeControl "600+5"]

1. e4 {[%emt 0:00:00]} e5 {[%emt 0:00:00]} 2. Nf3 {[%emt 0:00:00]} Nc6 {[%emt 0:00:00]} 3. Bb5 {[%emt 0:00:00]} a6 {[%emt 0:00:00]} 4. Ba4 {[%emt 0:00:01]} Nf6 {[%emt 0:00:00]} 5. O-O {[%emt 0:00:03]} Be7 {[%emt 0:00:01]} 6. Re1 {[%emt 0:00:01]} b5 {[%emt 0:00:03]} 7. Bb3 {[%emt 0:00:02]} d6 {[%emt 0:00:02]} 8. c3 {[%emt 0:00:05]} O-O {[%emt 0:00:02]} 9. h3 {[%emt 0:00:02]} Nb8 {[%emt 0:00:02]} 10. d4 {[%emt 0:00:03]} Nbd7 {[%emt 0:00:01]} 11. c4 {[%emt 0:00:08]} c6 {[%emt 0:00:06]} 12. Nc3 {[%emt 0:00:03]} b4 {[%emt 0:00:08]} 13. Na4 {[%emt 0:00:04]} c5 {[%emt 0:01:07]} 14. d5 {[%emt 0:00:04]} Ne8 {[%emt 0:00:07]} 15. Bc2 {[%emt 0:00:03]} a5 {[%emt 0:00:05]} 16. b3 {[%emt 0:00:02]} g6 {[%emt 0:00:08]} 17. a3 {[%emt 0:00:23]} Ng7 {[%emt 0:00:08]} 18. Nb2 {[%emt 0:00:04]} Nb6 {[%emt 0:00:14]} 19. Bd2 {[%emt 0:00:08]} f5 {[%emt 0:00:03]} 20. Qe2 {[%emt 0:00:06]} f4 {[%emt 0:00:08]} 21. axb4 {[%emt 0:00:07]} axb4 {[%emt 0:00:03]} 22. Rxa8 {[%emt 0:00:05]} Nxa8 {[%emt 0:00:01]} 23. Ra1 {[%emt 0:00:00]} Nb6 {[%emt 0:00:14]} 24. Nd3 {[%emt 0:00:11]} g5 {[%emt 0:00:28]} 25. Ra7 {[%emt 0:02:47]} Bf6 {[%emt 0:00:15]} 26. Nh2 {[%emt 0:00:15]} h5 {[%emt 0:00:08]} 27. Bd1 {[%emt 0:00:13]} Bd7 {[%emt 0:00:24]} 28. Qe1 {[%emt 0:00:25]} Qb8 {[%emt 0:00:21]} 29. Ra2 {[%emt 0:00:13]} Rd8 {[%emt 0:00:35]} 30. Be2 {[%emt 0:00:08]} Be8 {[%emt 0:00:28]} 31. Qa1 {[%emt 0:00:32]} Bg6 {[%emt 0:00:01]} 32. f3 {[%emt 0:00:27]} Rd7 {[%emt 0:00:02]} 33. Ra6 {[%emt 0:00:34]} Bd8 {[%emt 0:00:01]} 34. Be1 {[%emt 0:00:12]} Ne8 {[%emt 0:00:09]} 35. Bf2 {[%emt 0:00:02]} Nf6 {[%emt 0:00:58]} 36. Nxe5 {[%emt 0:02:07]} dxe5 {[%emt 0:00:05]} 37. Bxc5 {[%emt 0:00:02]} g4 {[%emt 0:01:33]} 38. Kh1 {[%emt 0:00:22]} Qb7 {[%emt 0:00:40]} 39. Bg1 {[%emt 0:00:42]} Bxe4 {[%emt 0:01:24]} 40. fxe4 {[%emt 0:00:04]} Nxe4 {[%emt 0:00:01]} 41. Nxg4 {[%emt 0:01:20]} Ng3+ {[%emt 0:00:17]} 42. Kh2 {[%emt 0:00:02]} Nxe2 {[%emt 0:00:21]} 43. Nxe5 {[%emt 0:00:14]} Rg7 {[%emt 0:00:11]} 44. Bxb6 {[%emt 0:00:24]} f3 {[%emt 0:00:33]} 45. gxf3 {[%emt 0:00:26]} Nf4 {[%emt 0:01:25]} 46. Bxd8 {[%emt 0:00:16]} Qc8 {[%emt 0:00:16]} 47. Ng4 {[%emt 0:00:03]} hxg4 {[%emt 0:00:02]} 48. fxg4 {[%emt 0:00:09]} Qc5 {[%emt 0:00:25]} 49. Bb6 {[%emt 0:00:07]} Qd6 {[%emt 0:00:19]} 50. Bd4 {[%emt 0:00:07]} 1-0

[Event "Polgar Challenge 2021"]
[Site "Online"]
[Date "2021.04.04"]
[Round "19.9"]
[White "Mammadzada, Gunay"]
[Black "Lei, Tingjie"]
[Result "0-1"]
[WhiteElo "2443"]
[BlackElo "2505"]
[Annotator "RC"]
[PlyCount "130"]
[EventDate "2021.04.08"]
[EventType "tourn"]
[EventCountry "NET"]
[SourceTitle "playchess.com"]
[Source "ChessBase"]
[SourceQuality "1"]
[TimeControl "600+5"]

1. e4 {[%emt 0:00:00]} e5 {[%emt 0:00:00]} 2. Nf3 {[%emt 0:00:00]} Nc6 {[%emt 0:00:00]} 3. Bb5 {[%emt 0:00:00]} Nf6 {[%emt 0:00:00]} 4. O-O {[%emt 0:00:01]} Nxe4 {[%emt 0:00:01]} 5. Re1 {[%emt 0:00:01]} Nd6 {[%emt 0:00:01]} 6. Nxe5 {[%emt 0:00:02]} Be7 {[%emt 0:00:02]} 7. Bf1 {[%emt 0:00:02]} Nxe5 {[%emt 0:00:01]} 8. Rxe5 {[%emt 0:00:02]} O-O {[%emt 0:00:02]} 9. d4 {[%emt 0:00:01]} Bf6 {[%emt 0:00:01]} 10. Re1 {[%emt 0:00:01]} Re8 {[%emt 0:00:04]} 11. c3 {[%emt 0:00:02]} Rxe1 {[%emt 0:00:10]} 12. Qxe1 {[%emt 0:00:02]} Ne8 {[%emt 0:01:00]} 13. d5 {[%emt 0:00:03]} d6 {[%emt 0:00:03]} 14. Nd2 {[%emt 0:00:02]} c6 {[%emt 0:00:04]} 15. Ne4 {[%emt 0:01:05]} Be7 {[%emt 0:00:58]} 16. Bf4 {[%emt 0:00:41]} cxd5 {[%emt 0:00:13]} 17. Ng3 {[%emt 0:00:05]} Be6 {[%emt 0:00:12]} 18. Bd3 {[%emt 0:00:09]} Bg5 {[%emt 0:00:15]} 19. Qe3 {[%emt 0:00:16]} Bxf4 {[%emt 0:00:03]} 20. Qxf4 {[%emt 0:00:01]} Qf6 {[%emt 0:00:09]} 21. Qb4 {[%emt 0:00:06]} Qe7 {[%emt 0:00:19]} 22. Re1 {[%emt 0:00:06]} Qd7 {[%emt 0:00:54]} 23. Ne2 {[%emt 0:00:18]} a5 {[%emt 0:00:26]} 24. Qb6 {[%emt 0:00:10]} Qc7 {[%emt 0:00:22]} 25. Qe3 {[%emt 0:00:07]} Nf6 {[%emt 0:00:14]} 26. Nd4 {[%emt 0:00:24]} Re8 {[%emt 0:00:12]} 27. Qg3 {[%emt 0:01:31]} Bd7 {[%emt 0:02:15]} 28. Rxe8+ {[%emt 0:01:40]} Nxe8 {[%emt 0:00:02]} 29. Qe3 {[%emt 0:00:01]} Qd8 {[%emt 0:00:04]} 30. f3 {[%emt 0:01:15]} Nf6 {[%emt 0:00:19]} 31. Be2 {[%emt 0:00:33]} Kf8 {[%emt 0:00:28]} 32. g4 {[%emt 0:00:06]} h6 {[%emt 0:00:36]} 33. Kf2 {[%emt 0:00:04]} Qe7 {[%emt 0:01:18]} 34. Qxe7+ {[%emt 0:00:35]} Kxe7 {[%emt 0:00:02]} 35. Ke3 {[%emt 0:00:02]} g5 {[%emt 0:00:16]} 36. h3 {[%emt 0:01:51]} h5 {[%emt 0:00:02]} 37. Bd3 {[%emt 0:00:07]} hxg4 {[%emt 0:00:10]} 38. hxg4 {[%emt 0:00:06]} Be6 {[%emt 0:00:04]} 39. b3 {[%emt 0:00:43]} Nd7 {[%emt 0:00:02]} 40. Nc2 {[%emt 0:00:11]} Ne5 {[%emt 0:00:04]} 41. Be2 {[%emt 0:00:01]} Ng6 {[%emt 0:00:10]} 42. Bd3 {[%emt 0:00:28]} Nf4 {[%emt 0:00:05]} 43. Bh7 {[%emt 0:00:02]} Kf6 {[%emt 0:00:04]} 44. Nd4 {[%emt 0:00:05]} Ke5 {[%emt 0:00:04]} 45. Bc2 {[%emt 0:00:14]} Bd7 {[%emt 0:00:14]} 46. Bb1 {[%emt 0:00:15]} Ng2+ {[%emt 0:00:07]} 47. Kf2 {[%emt 0:00:02]} Nh4 {[%emt 0:00:09]} 48. Kg3 {[%emt 0:00:02]} f5 {[%emt 0:00:14]} 49. f4+ {[%emt 0:00:11]} Kf6 {[%emt 0:00:01]} 50. fxg5+ {[%emt 0:00:10]} Kxg5 {[%emt 0:00:01]} 51. gxf5 {[%emt 0:00:05]} Bxf5 {[%emt 0:00:07]} 52. Nxf5 {[%emt 0:00:02]} Nxf5+ {[%emt 0:00:01]} 53. Kf3 {[%emt 0:00:00]} d4 {[%emt 0:00:19]} 54. cxd4 {[%emt 0:00:14]} Nxd4+ {[%emt 0:00:01]} 55. Ke4 {[%emt 0:00:00]} Nb5 {[%emt 0:00:03]} 56. Kd3 {[%emt 0:00:05]} Kf4 {[%emt 0:00:02]} 57. a4 {[%emt 0:00:03]} Nc7 {[%emt 0:00:11]} 58. Kd4 {[%emt 0:00:04]} b6 {[%emt 0:00:02]} 59. Bc2 {[%emt 0:00:06]} Kf3 {[%emt 0:00:02]} 60. Bd3 {[%emt 0:00:07]} Kf2 {[%emt 0:00:02]} 61. Kc4 {[%emt 0:00:07]} Ke3 {[%emt 0:00:01]} 62. Bf1 {[%emt 0:00:07]} d5+ {[%emt 0:00:03]} 63. Kc3 {[%emt 0:00:01]} Ne6 {[%emt 0:00:03]} 64. b4 {[%emt 0:00:02]} Nd4 {[%emt 0:00:49]} 65. Ba6 {[%emt 0:00:20]} Nf5 {[%emt 0:00:23]} 0-1

[Event "Polgar Challenge 2021"]
[Site "Online"]
[Date "2021.04.04"]
[Round "19.10"]
[White "Nihal Sarin"]
[Black "Badelka, Olga"]
[Result "1-0"]
[WhiteElo "2620"]
[BlackElo "2433"]
[Annotator "TA"]
[PlyCount "79"]
[EventDate "2021.04.08"]
[EventType "tourn"]
[EventCountry "NET"]
[SourceTitle "playchess.com"]
[Source "ChessBase"]
[SourceQuality "1"]

{[%evp 17,79,0,0,-10,6,-5,-6,-20,-16,-29,0,0,6,-30,0,0,72,-25,-17,-12,-11,0,0,-17,171,165,151,153,283,284,327,328,322,324,306,298,288,311,396,407,433,411,479,383,593,450,437,437,607,489,688,674,856,850,850,825,1029,1002,2743,2609,5547,5557,6495,5929]} 1. d4 Nf6 2. Bf4 e6 3. e3 d5 4. Nd2 Bd6 5. Bg3 O-O 6. Ngf3 c5 7. c3 b6 8. Ne5 Bb7 9. Bd3 Nc6 10. O-O {D02: 1 d4 d5 2 Nf3 sidelines, including 2...Nf6 3 g3 and 2...Nf6 3 Bf4.} Ne7 11. Bh4 Ne4 12. Bxe4 {The position is equal.} dxe4 13. Nec4 {[#]} Bc7 $146 ({Predecessor:} 13... cxd4 14. exd4 b5 15. Nxd6 Qxd6 16. Re1 Nf5 17. Nxe4 Qc6 18. Bg5 Nd6 19. f3 Nxe4 20. Rxe4 {½-½ (38) Ju,W (2579)-Kosteniuk,A (2555) Doha 2016}) 14. dxc5 bxc5 15. Qc2 Re8 16. Rfd1 ({But not} 16. Nxe4 $2 Qd5 $19) 16... Qd5 (16... Qb8 $11 {keeps the balance.}) 17. b3 (17. Bg3 $16 Rac8 18. Qa4) 17... Qh5 18. Bg3 Bxg3 19. hxg3 Rad8 20. Nf1 {Hoping for Nd6.} Nf5 {[#] This costs Black the game.} (20... Bd5 $11 {and Black is okay.}) 21. Nh2 $1 $18 Rxd1+ 22. Rxd1 {Black must now prevent g4.} Qg5 {[#]} (22... Nh6 $16 {was called for.}) 23. g4 $1 {[%cal Rg4f5]} Nh6 24. Nd6 $1 {[%csl LRb7,LRe4,LRe8][%mdl 64] Double Attack} Rb8 25. Nxb7 ({Less strong is} 25. Nxe4 Qe7 $16) 25... Rxb7 26. Qxe4 Rb8 27. Rd7 Kh8 28. Rxa7 f5 29. gxf5 exf5 30. Qf4 Qd8 (30... Qxf4 {is a better defense.} 31. exf4 g6) 31. Nf1 {White is clearly winning.} Rc8 32. Qe5 {[%csl Ga7][%cal Re5g7]} Qg5 33. Re7 Rf8 (33... Ng8 $142) 34. Re8 Rxe8 35. Qxe8+ Ng8 36. a4 {[%cal Ba2a4,Ba4a5,Ba5a6][%mdl 32]} h5 37. a5 h4 38. a6 h3 39. Ng3 f4 40. Qh5+ {Weighted Error Value: White=0.23/Black=0.69} 1-0